[Event "SWIFT"]
[Site "Brussels"]
[Date "1986.??.??"]
[Round "?"]
[White "Kortschnoj, Viktor"]
[Black "Ljubojevic, Ljubomir"]
[Result "1/2-1/2"]
[WhiteElo "2635"]
[BlackElo "2605"]

1.d4 Nf6 2.c4 g6 3.Nf3 Bg7 4.g3 O-O 5.Bg2 c6 6.O-O d5 7.cxd5 cxd5 8.Nc3 Nc6
9.Ne5 Bd7 10.Bg5 Be8 11.Bxf6 Bxf6 12.Nxd5 Bg7 13.e3 Nxe5 14.dxe5 Bxe5 15.Qb3 e6
16.Nc3 Qe7 17.Rfd1 Rc8 18.Rd3 b5 19.f4 Bxc3 20.Rxc3 Bd7 21.Rac1  1/2-1/2

[Event "SWIFT"]
[Site "Brussels"]
[Date "1986.??.??"]
[Round "?"]
[White "Van der Wiel, John TH"]
[Black "Winants, Luc"]
[Result "1/2-1/2"]
[WhiteElo "2555"]
[BlackElo "2340"]

1.e4 c5 2.Nf3 Nc6 3.d4 cxd4 4.Nxd4 Nf6 5.Nc3 e6 6.Nxc6 bxc6 7.e5 Nd5 8.Ne4 Qc7
9.f4 Qb6 10.c4 Ne3 11.Qd3 Bb4+ 12.Bd2 O-O 13.b3 a5 14.Bxb4 Qxb4+ 15.Ke2 Nxc4
16.Kf3 Nb6 17.a3 Qe7 18.Qd6 Qxd6 19.exd6 Ba6 20.Bxa6 Rxa6  1/2-1/2